• 首页
  • 本馆介绍
  • 公告通知
  • 最新文献
  • 馆藏检索
  • 电子资源
  • 读者导购
  • 参考咨询
  • 我的图书馆
  • 登录
  • 详细信息显示
  • 放入我的书架
  • 预约/预借图书
  • 作者相关作品
  • 分类相关作品
  • 丛书相关作品
  • 出版社相关作品

书目信息

  • 表格格式
  • 工作单格式
  • 卡片格式
题名:
改良与革命
    
 
作者: 周锡瑞 著 ;杨慎之 译
分册:  
出版信息: 南京   江苏人民出版社  2018
页数: 338页
开本: 23cm
丛书名: 海外中国研究丛书
单 册:
中图分类: K257.06
科图分类:
主题词: 辛亥革命--xin hai ge ming--湖北--史料 , 辛亥革命--xin hai ge ming--湖南--史料
电子资源:
ISBN: 978-7-214-04624-6
000 01386nam 2200301 450
001 1958046814
005 20191106160752.70
010    @a978-7-214-04624-6@dCNY58.00
100    @a20190418d2018 em y0chiy50 ea
101 1  @achi@ceng
102    @aCN@b320000
105    @ay z 000yy
200 1  @a改良与革命@Agai liang yu ge ming@e辛亥革命在两湖@d= Reform and revolution in China@ethe 1911 revolution in Hunan and Hubei@f(美) 周锡瑞著@g杨慎之译@zeng
210    @a南京@c江苏人民出版社@d2018
215    @a338页@d23cm
225 2  @a海外中国研究丛书@Ahai wai zhong guo yan jiu cong shu
314    @a周锡瑞, 美国加州大学圣地亚哥分校荣休教授, 加州大学伯克利分校历史学博士。杨慎之, 原湖南省社会科学院副院长、研究员。
330    @a本书对两湖地区辛亥革命时期的社会经济、政治、文化状况, 进行了比较客观和深入的探讨, 从经济利益得失的角度, 分析了社会各个集团政治情绪的变化, 以及它们相互之间的关系。
410  0 @12001 @a海外中国研究丛书
500 10 @aReform and revolution in China : the 1911 revolution in Hunan and Hubei@mChinese
517 1  @a辛亥革命在两湖@Axin hai ge ming zai liang hu
606 0  @a辛亥革命@Axin hai ge ming@y湖北@x史料
606 0  @a辛亥革命@Axin hai ge ming@y湖南@x史料
690    @aK257.06@v5
701  1 @a周锡瑞@Azhou xi rui@g(Esherick, Joseph W.)@4著
702  0 @a杨慎之@Ayang shen zhi@4译
801  0 @aCN@b人天书店@c20190418
905    @aBZT@dK257.06@e3
    
    改良与革命:辛亥革命在两湖= Reform and revolution in China:the 1911 revolution in Hunan and Hubei/(美) 周锡瑞著/杨慎之译.-南京:江苏人民出版社,2018
    338页;23cm.-(海外中国研究丛书)
    
    
    ISBN 978-7-214-04624-6:CNY58.00
    本书对两湖地区辛亥革命时期的社会经济、政治、文化状况, 进行了比较客观和深入的探讨, 从经济利益得失的角度, 分析了社会各个集团政治情绪的变化, 以及它们相互之间的关系。
●
相关链接 在五车中查询图书 在当当中查询图书 在豆瓣中查询图书


正题名:改良与革命     索取号:K257.06/3         预约/预借

序号 登录号 条形码 馆藏地/架位号 状态 备注
1 860420   2000860420   第二书库/ [索取号:K257.06/3] 在馆    
2 860421   2000860421   第二书库/ [索取号:K257.06/3] 在馆    
3 860422   2000860422   第二书库/ [索取号:K257.06/3] 在馆    
山东省滨州职业学院图书馆 欢迎您!
大连网信软件有限公司© 版权所有